| 000 | 00592nam a2200193 i 4500 | ||
|---|---|---|---|
| 001 | 50533 | ||
| 003 | ES-MaACL | ||
| 005 | 20230906162210.0 | ||
| 007 | t| | ||
| 008 | 030805q1953 sp f |||| | spa d | ||
| 080 | _a021.65 | ||
| 100 | 1 |
_aCuartero, Aurora. _941913 |
|
| 245 | 1 | 3 |
_aEl servicio de bibliobuses y su actuación en España / _cpor Aurora Cuarteto. |
| 260 |
_aMadrid : _b[s.n., _c1953?] ( _fImp. Juan Bravo) |
||
| 300 |
_a72 p., 3 lám. ; _c21 cm. |
||
| 650 | 4 |
_aBibliotecas móviles. _9162079 |
|
| 650 | 0 | 4 |
_aBibliotecas públicas- _zEspaña. _910550 |
| 852 |
_aES-MaACL _j1958-F-2 |
||
| 999 |
_c50533 _d50533 |
||